Paradox 4.5 made easy / (Record no. 11815)

000 -LEADER
fixed length control field 00436nam a22001577a 4500
008 - FIXED-LENGTH DATA ELEMENTS--GENERAL INFORMATION
fixed length control field 210112b ||||| |||| 00| 0 eng d
020 ## - INTERNATIONAL STANDARD BOOK NUMBER
International Standard Book Number 0-07-881016-2
041 0# - LANGUAGE CODE
Language code of text/sound track or separate title eng
082 00 - DEWEY DECIMAL CLASSIFICATION NUMBER
Classification number 005.7565
Item number J762
100 ## - MAIN ENTRY--PERSONAL NAME
9 (RLIN) 3278
Personal name Jones, Edward
245 10 - TITLE STATEMENT
Title Paradox 4.5 made easy /
260 ## - PUBLICATION, DISTRIBUTION, ETC. (IMPRINT)
Place of publication, distribution, etc New Delhi :
Name of publisher, distributor, etc Osborne McGraw-Hill,
Date of publication, distribution, etc 1994.
300 ## - PHYSICAL DESCRIPTION
Extent xx, 500 p.
650 #0 - SUBJECT ADDED ENTRY--TOPICAL TERM
Topical term or geographic name as entry element Database Management
942 ## - ADDED ENTRY ELEMENTS (KOHA)
Item type Books
Holdings
Withdrawn status Lost status Source of classification or shelving scheme Damaged status Not for loan Permanent location Current location Date acquired Full call number Barcode Date last seen Koha item type
          IMU Kolkata IMU Kolkata 2021-01-12 005.7565 J762 08340 2021-01-12 Books
Designed and Maintained by IMU-KC Library, Kolkata Campus © Copyright All Rights Reserved

webs counters

Powered by Koha